Latinankielisiä sanontoja - Statistics

Yleistilastot
  • Tätä visaa on pelattu 99 kertaa
    98 viimeisimmän päivityksen jälkeen
  • Keskiarvotulos 7 / 23
Vastaustilastot
Hint Vastaus % Oikein
Carpe diem Tartu hetkeen
69%
Et cetera Ja niin edelleen
65%
Et tu, Brute Sinäkin, Brutukseni
64%
Tabula rasa Tyhjä taulu
57%
Nomen est omen Nimi on enne
52%
Alea iacta est Arpa on heitetty
49%
O tempora, o mores! Oi aikoja, oi tapoja!
47%
Divide et impera Hajoita ja hallitse
42%
Homo homini lupus est Ihminen on ihmiselle susi
42%
Amor vincit omnia Rakkaus voittaa kaiken
35%
Cogito, ergo sum Ajattelen, siis olen
32%
In vino veritas Viinissä on totuus
32%
Veni, vidi, vici Tulin, näin ja voitin
30%
Anno Domini Herran vuonna
26%
Persona non grata Ei-toivottu henkilö
20%
Memento mori Muista kuolevasi
9%
Amentes illi Romani Hulluja nuo roomalaiset
7%
Unus pro omnibus, omnes pro uno Kaikki yhden, ja yksi kaikkien puolesta
7%
Mea culpa Minun vikani
6%
Ad rem! Asiaan!
1%
Aurea mediocritas Kultainen keskitie
1%
De gustibus non est disputandum Makuasioista ei pidä kiistellä
1%
Difficultatem facit doctrina Tieto lisää tuskaa
1%
Ehtoja vastaavia visoja ei löytynyt
Tulosjakauma
Jokaisen tuloksen saaneiden osuus
Persentiili vastausten määrän mukaan
Tuloshistoriasi
Et ole pelannut tätä visaa sen viimeisimmän päivityksen jälkeen